000 00349pab a2200157 454500
008 180718b1999 xxu||||| |||| 00| 0 eng d
100 _aLal, Deepak
245 _aThe ides of March
260 _c1999
300 _ap.7
362 _a10 Jun
650 _aElections
650 _aElectoral systems
773 _aBusiness Standard
909 _a42454
999 _c42454
_d42454